Responses for Show #4045 - Friday, March 15, 2002

Contestants

[<< previous game]

Linda Flammer, a high school English teacher from Valencia, California

Gordon Heady, a sales and marketing manager from Portland, Oregon

Mary Mansfield, a stay-at-home mom from Odell, Illinois (whose 1-day cash winnings total $8,399)

[next game >>]

Jeopardy! Round responses

STATE SUPERLATIVES
LET'S REVIEW
WE NEED TO COMMUNICATE
COLOR MY WORLD
ANIMAL HOUSE
PAR-TAY!
    $200 8
Virginia

Mary
    $200 29
[The end-of-round signal sounds.]

Pearl Harbor

Mary
    $200 20
(Gordon: What are red ants?)
...
(Alex: Red ants are a different kettle of fish altogether. They sting.)

white ants

Gordon
Triple Stumper
    $200 6
goats

Gordon
    $200 1
designated driver

Mary
    $400 9
(Gordon: What is Florida?)

Maine

MaryGordon
    $400 26
A.A. Milne

Linda
    $400 27
telephone

Triple Stumper
    $400 19
(Alex: Not the Pomeranian, is it?)
[Laughter]

greyhounds

Mary
    $400 21
(Linda: What are chickens?)

turkey

MaryLinda
    $400 2
neighbors

Mary
    $600 7
Oklahoma

Mary
    $600 11
Jonathan Livingston Seagull

Linda
    $600 17
boom (mike)

Gordon
    $600 14
(Gordon: What is a black widow?)

brown recluse

MaryGordon
    $600 22
(Gordon: ...ooom, what are kangaroos?)

fox

GordonLinda
    $600 3
surprise party

Linda
    $800 10
California

Linda
    $800 12
Edgar Allan Poe

Linda
    $800 23
telepathy

Gordon
    $800 15
Red Shoe Diaries

Linda
    $800 28
swans

Mary
    $800 4
Vanity Fair

Triple Stumper
    $1,400 24
(Alex: [Before the wager] A minute to go.)

Kentucky

Gordon
    $1000 13
Battlefield Earth

Gordon
    $1000 16
semaphore

Gordon
    $1000 18
Black Sea

Mary
    $1000 25
hawk

Triple Stumper
    $1000 5
A-list

Mary

Scores at the first commercial break (after clue 15):

Mary Gordon Linda
$3,400 $200 $3,600

Scores at the end of the Jeopardy! Round:

Mary Gordon Linda
$6,200 $3,200 $4,200

Double Jeopardy! Round responses

CLASSICAL MUSIC
TV PAST & PRESENT
PLAY REVIVALS
NAMES OF THE '80s
A DATE WITH HISTORY
MEET MY "X"
    $400 9
Cinderella

Linda
    $400 18
Chekhov

Gordon
    $400 5
Reverend Sun Myung Moon

Gordon
    $400 12
Poland

Gordon
    $800 11
Mimi

Mary
    $800 17
Joan Collins

Triple Stumper
    $800 4
Hulk Hogan

Mary
    $1200 23
(Gordon: Who was Wagner?)

Edvard Grieg

Gordon
Triple Stumper
    $1200 10
(Gordon: What is Jeopardy!?)
(Mary: What is Twenty One?)

The $64,000 Question

MaryGordon
Triple Stumper
    $1200 14
Jesus Christ Superstar

Linda
    $3,200 1
(Gordon: What is The Diary of Anne Frank?)

Hitler diaries

Gordon
    $1200 25
(Gordon: Who is Kasparov?)
...
[The end-of-round signal sounds.]

Boris Spassky

Gordon
Triple Stumper
    $1200 24
Xanadu

Gordon
    $1600 22
Hungarian Rhapsodies

Gordon
    $2,000 7
(Gordon: [long pause then only shaking his head])
(Alex: Anything?)
(Gordon: What is The Dinah Shore Show?)
(Alex: It was [*] and the high ratings were due to the Beatles making their appearance.)
(Gordon: Of course. Well, we've gotta keep plugging away here...)

The Ed Sullivan Show

Gordon
    $1600 16
Arthur Miller

Linda
    $1600 3
(Linda: Who is Galway Kinnell?)

James Galway

Linda
Triple Stumper
    $1600 13
(Gordon: Who is Werner von Braun?)
...
(Alex: We're talking about Americans here.)

Robert Goddard

Gordon
Triple Stumper
    $1600 21
xenophobia

Gordon
    $2000 19
(Alex: We have less than a minute to go, Gordon.)

Claude Debussy

Triple Stumper
    $2000 6
Long Branch

Triple Stumper
    $2000 15
The Man Who Came To Dinner

Triple Stumper
    $2000 2
Greg LeMond

Mary
    $2000 8
(Linda: Who is Frank Sinatra?)
(Mary: Who is Conrad?)
(Gordon: [not ringing in] No dice.)

Glenn Ford

MaryLinda
Triple Stumper
    $2000 20
Xerxes

Mary

Scores at the end of the Double Jeopardy! Round:

Mary Gordon Linda
$8,600 -$1,600 $3,800
(lock game)

[wagering suggestions for these scores]

Final Jeopardy! Round responses

FAMILIAR PHRASES
LindaWho is Capt. Bligh
$3,799
MaryWho is John Paul Jones?
$999
Admiral Lord Nelson

Final scores:

Mary Gordon Linda
$7,601 -$1,600 $1
2-day champion: $16,000 3rd place: trip to Orlando, Florida and stay at the Marriott Grand Vista 2nd place: trip to Antigua and stay at the Royal Antiguan

Game dynamics:

Coryat scores:

Mary Gordon Linda
$8,600 $3,200 $3,800
16 R,
2 W
12 R
(including 1 DD),
10 W
(including 2 DDs)
10 R,
3 W

Combined Coryat: $15,600

[game clues] [game scores] [suggest correction]

Game tape date: 2001-12-05
The J! Archive is created by fans, for fans. Scraping, republication, monetization, and malicious use prohibited; this site may use cookies and collect identifying information. See terms. The Jeopardy! game show and all elements thereof, including but not limited to copyright and trademark thereto, are the property of Jeopardy Productions, Inc. and are protected under law. This website is not affiliated with, sponsored by, or operated by Jeopardy Productions, Inc. Join the discussion at JBoard.tv.